000 00461nam a2200193Ia 4500
005 20250425161559.0
008 250425s9999 xx 000 0 und d
041 _aspa
082 _a510
100 _aYIBIRIN, ROBERT
245 0 _aSEMINARIO: PRINCIPIOS MATEMATICOS EN SISMICA DE REFLEXION
250 _a1A ED.
260 _aEcuador
_bESPOL
260 _aGUAYAQUIL
300 _a83
650 _aSISMICA A REFLEXION
942 _c01
010 _a23439
999 _c211989
_d211989